MANUAL OF TRANSFUSION MEDICINE (Record no. 4536)

MARC details
000 -LEADER
fixed length control field 00466nam a22001697a 4500
008 - FIXED-LENGTH DATA ELEMENTS--GENERAL INFORMATION
fixed length control field 260218b |||||||| |||| 00| 0 eng d
020 ## - INTERNATIONAL STANDARD BOOK NUMBER
ISBN 9789388958608
100 ## - MAIN ENTRY--AUTHOR
Author NAYAK, RAMADAS
245 ## - TITLE STATEMENT
Title MANUAL OF TRANSFUSION MEDICINE
260 ## - PUBLICATION, DISTRIBUTION, ETC. (IMPRINT)
Place of publication NEW-DELHI
Name of publisher JAYPEE PUBLISHING
Date of publication 2020
300 ## - COLLATION
Pagination XV, 613p.
Other physical details illus
650 ## - TRACINGS
Main Subject Blood Transfusion 2. Transfusion Medicine
700 ## - ADDITIONAL AUTHOR
Additional Author NAYAK, RAKSHATHA
942 ## - ADDED ENTRY ELEMENTS (KOHA)
Item type Books
050 ## - LIBRARY OF CONGRESS CALL NUMBER
Classification number RM 171
Item number .N39
Holdings
Source of classification or shelving scheme Not for loan Permanent location Current location Date acquired Accession No. Full call number Barcode. Copy number Koha item type
Library of Congress Classification   Samuel Ogbemudia Main Library, University of Abuja Samuel Ogbemudia Main Library, University of Abuja 02/18/2026 2025/68953 RM 171.N39 2026-0023 2 Books